| 000 | 00986cab a2200289 4500 | ||
|---|---|---|---|
| 001 | X1703 | ||
| 008 | 090401t1994 xxu||||| |||| 00| 0 eng d | ||
| 035 | _a(Sirsi) u18792 | ||
| 041 | _aeng | ||
| 100 | _aVegoda, V. | ||
| 245 | _aDilapidations: working with S.O.D.`s law | ||
| 260 | _c1994 | ||
| 350 | _a0 | ||
| 490 |
_aBuilding Engineer _vOctober 1994, 22-28(4) |
||
| 520 | _aGuides on the law governing schedules of dilapidations in both commercial and residential tenancies. Refers to caselaw and personal experience to explore the rights and responsibilities of tenants and landlords under a fully repairing and insuring lease. | ||
| 650 | _aALTERATIONS | ||
| 650 | _aFIXTURES AND FITTINGS | ||
| 650 | _aFULLY REPAIRING LEASES | ||
| 650 | _aIMPROVEMENTS | ||
| 650 | _aLAW OF PROPERTY ACT 1925 S146 | ||
| 650 | _aNOTICES | ||
| 650 | _aREPAIRS | ||
| 650 | _aSCHEDULES OF CONDITION | ||
| 690 | _aPROPERTY-LANDLORD AND TENANT | ||
| 942 | _n0 | ||
| 948 | _c04/03/1997 | ||
| 999 |
_c12505 _d12505 |
||